000 00670cab a2200193 4500
001 WB2547-15
008 090401t1989 xxu||||| |||| 00| 0 eng d
035 _a(Sirsi) u10329
041 _aeng
245 _aEstate agencies closing
260 _c1989
350 _a0
490 _aFinancial Adviser
_vno 132 30/11/89 p7
520 _aAlthough 4% of estate agents are closing, Prudential confirms their committment: a table showing number of branches for top 15 estate agents is included.
690 _aPROPERTY-RESIDENTIAL PROPERTY-RESIDENTIAL PROPERTY MARKET
690 _aMANAGEMENT-BUSINESS MANAGEMENT-PROFESSIONAL PRACTICE
942 _n0
948 _c04/03/1997
999 _c6502
_d6502